Memorias y representaciones : sobre la elaboración del genocidio /
Guardado en:
| Autor Principal: | |
|---|---|
| Formato: | Libro |
| Idioma: | Undetermined |
| Publicado: |
Ciudad Autónoma de Buenos Aires :
Fondo de Cultura Económica,
2019.
|
| Edición: | 1a.ed 1a. reimp. |
| Series: | Sociología
|
| Materias: | |
| Etiquetas: |
Agregar Etiqueta
Sin Etiquetas, Sea el primero en etiquetar este registro!
|
| LEADER | 00562nam a22001695a 4500 | ||
|---|---|---|---|
| 001 | DER.der015441 | ||
| 008 | 251105s2019####xx############000#0#und#d | ||
| 005 | 20251105185710.0 | ||
| 245 | 1 | 0 | |a Memorias y representaciones : |b sobre la elaboración del genocidio / |c Daniel Feierstein. |
| 250 | |a 1a.ed 1a. reimp. | ||
| 260 | |a Ciudad Autónoma de Buenos Aires : |b Fondo de Cultura Económica, |c 2019. | ||
| 300 | |a 209 p. | ||
| 490 | 1 | |a Sociología | |
| 020 | |a 9789505579204 | ||
| 100 | 1 | |a Feierstein, Daniel. | |
| 650 | 7 | |a SOCIOLOGÍA | |
| 859 | |a DERECHO |b BIB. DERECHO |h 301 |i FEI |p 0010726 | ||
